Reproducción de las estructuras de poder: discursos contra la pobreza y el narcotráfico en Bolivia /

El articulo está dedicado a explicar cómo inciden el discurso moralista y la coerción estatal en la "lucha" contra el cultivo ancestral de la hoja de coca. En este contexto las políticas de reducción de la pobreza adquieren su cara más siniestra. En la región de Cochabamba, la retórica par...

Descrizione completa

Salvato in:
Dettagli Bibliografici
Autore principale: Giacoman Aramayo, Diego
Natura: testo
Soggetti:
Tags: Aggiungi Tag
Nessun Tag, puoi essere il primo ad aggiungerne!!

MARC

LEADER 00000 a a2200000 04500
001 43252
003
040
100 |a Giacoman Aramayo, Diego  
245 |a Reproducción de las estructuras de poder:   |b discursos contra la pobreza y el narcotráfico en Bolivia /  |c Diego Giacoman Aramayo 
520 |a El articulo está dedicado a explicar cómo inciden el discurso moralista y la coerción estatal en la "lucha" contra el cultivo ancestral de la hoja de coca. En este contexto las políticas de reducción de la pobreza adquieren su cara más siniestra. En la región de Cochabamba, la retórica participativa se hace añicos frente a la intervención militar norteamericana, las violaciones a los derechos humanos y una conflictividad social creciente. El estado abandona la búsqueda del consenso y revela su verdadera naturaleza como instrumento de opresión. La lucha contra la pobreza y el narcotráfico, en última instancia, es una excusa para acentuar el proceso de dominación imperialista sobre Bolivia.  
650 |a ESTADO  
650 |a INTERVENCION EXTRANJERA  
650 |a BOLIVIA  
773 |g páginas 427-463  
999 |c 35831  |d 35831